Barcelona von einem campingplatz aus : ideal für familien : karte ideal für familien : karte
Descripción Física:
1 mapa desplegable : il·lustracions en color ; 53 x 60 cm
Materias:
Càmpings -- Barcelona (Província) -- Mapes
; Allotjament turístic -- Barcelona (Província) -- Mapes
Idioma:
German
MARC
| LEADER | 00000nam a22000007a 4500 | ||
|---|---|---|---|
| 001 | 25393 | ||
| 008 | 220504b spa||||| |||| 00| 0 ger d | ||
| 017 | |a DL B 21848-2020 | ||
| 080 | |a FU-68-57 | ||
| 245 | |a Barcelona von einem campingplatz aus : |b ideal für familien : karte | ||
| 260 | |a Barcelona : |b Ajuntament de Barcelona ; Diputació de Barcelona, |c 2020 | ||
| 300 | |a 1 mapa desplegable : |b il·lustracions en color ; |c 53 x 60 cm | ||
| 500 | |a Conté mapa dels llocs de càmpings a la província de Barcelona | ||
| 650 | 0 | |9 52765 |a Càmpings |z Barcelona (Província) |v Mapes | |
| 650 | 0 | |9 52766 |a Allotjament turístic |z Barcelona (Província) |v Mapes | |
| 710 | 1 | |a Barcelona (Catalunya : Província). |b Diputació |9 52408 | |
| 710 | 2 | |9 52850 |a Barcelona ist viel mehr |e marca turística | |
| 942 | |2 udc |c ARXIU |n 1 | ||
| 952 | |0 0 |1 0 |4 0 |6 FU6857 |7 1 |9 61473 |a Arxiu |b Arxiu |d 2022-05-04 |l 0 |o FU-68-57 |p 25393 |r 2022-05-04 00:00:00 |w 2022-05-04 |y ARXIU | ||
| 999 | |c 81426 |d 81426 | ||